| 000 | 00965nam a22002657a 4500 | ||
|---|---|---|---|
| 999 |
_c17884 _d17856 |
||
| 003 | EG-ScBUE | ||
| 005 | 20210524091524.0 | ||
| 008 | 131219r1988 ii f 001 0deng d | ||
| 040 |
_aEG-ScBUE _beng _erda _cEG-ScBUE _dEG-ScBUE |
||
| 082 | 0 | 4 |
_a822.33 _bBRA _222 |
| 100 | 1 |
_930506 _aBradley, A. C. _q(Andrew Cecil), _d1851-1935, _eauthor. |
|
| 245 | 1 | 0 |
_aShakespearean tragedy : _blectures on Hamlet, Othello, King Lear, Macbeth / _cA. C. Bradley, sometime professor of poetry in the University of Oxford. |
| 250 | _aReprinted edition. | ||
| 264 | 1 |
_aDelhi : _bSurjeet Publications, _c1988. |
|
| 300 |
_axv, 432 pages ; _c18 cm |
||
| 336 |
_2rdacontent _atext _btxt |
||
| 337 |
_2rdamedia _aunmediated _bn |
||
| 338 |
_2rdacarrier _avolume _bnc |
||
| 500 | _aIncludes index. | ||
| 600 | 1 | 7 |
_930507 _aShakespeare, William, _d1564-1616 _xTragedies. _2BUEsh |
| 650 | 7 |
_930508 _aTragedy. _2BUEsh |
|
| 651 | _2BUEsh | ||
| 653 | _cDecember2013 | ||
| 942 |
_2ddc _cBB _k822.33 BRA |
||